| 000 | 01571nam a2200337 u 4500 | ||
|---|---|---|---|
| 001 | 000815918 | ||
| 003 | AM-YeHGA | ||
| 005 | 20250617144509.0 | ||
| 008 | 110609s1984 ||||||||r|||||000|0|rus|d | ||
| 040 | _aAM-YeHGA | ||
| 041 | 1 |
_arus _heng |
|
| 245 | 0 | 0 |
_aМолекулярные взаимодействия / _cРед.: Г. Ратайчак, У. Орвилл-Томас ; пер. с англ. Э.Д. Германа, Е.Л. Розенберга ; под ред. А.М. Бродского. |
| 260 |
_aМосква : _bМир, _c1984. |
||
| 300 |
_a600 с. : _bил. ; _c21 см. |
||
| 504 | _aБиблиогр. в конце глав | ||
| 534 |
_pОригинал на англ.: _tMolecular interactions. - _cChichester, 1981 |
||
| 650 | 1 | 4 | _aБиофизика |
| 650 | 1 | 4 | _aМолекулярная биология |
| 650 | 1 | 4 |
_aФизиологически активные вещества _xБиосинтез _xУльтраструктура _xМетаболизм |
| 650 | 1 | 4 |
_aКомплексообразующие вещества _xХимия _xМетаболизм |
| 650 | 1 | 4 | _aКинетика |
| 650 | 1 | 4 | _aИонный обмен |
| 650 | 1 | 4 | _aМолекулярная структура |
| 650 | 1 | 4 | _aМолекулярная конформация |
| 700 | 1 |
_aРатайчак, Г. _eред. _4edt |
|
| 700 | 1 |
_aОрвилл-Томас, У. _eред. _4edt |
|
| 700 | 1 |
_aГерман, Э.Д. _eпер. _4trl |
|
| 700 | 1 |
_aРозенберг, Е.Л. _eпер. _4trl |
|
| 700 | 1 |
_aБродский, А.М. _eред. _4edt |
|
| 090 | _c296867 | ||
| 999 |
_c295177 _d295177 |
||